000 00638nas a2200241 4500
001 BR9804675
003 BR-BrBNA
005 20231205101118.0
007 ta
008 230509b bl.|||p| |||| 00| 00por d
040 _aBR-BrBNA
_bpor
_cBiblioteca Nacional de Agricultura
041 _a(Pt)
072 _aL01
100 1 _aBaruffaldi, R.
100 1 _aOliveira, M.N.
245 1 _aRendimento de carne
650 _aCarne
650 _aBovino
650 _aRendimento
773 0 _tPecuaria de Corte (Brazil)
_x
_g(Jan-Feb 1998), v. 8(74) p. 49-51
_wBR9804675
909 _a202311
_bLúcia
_c55
_dLúcia Elande
942 _2AGRIS
_n0
_cANA
999 _c159804
_d159804